Revitalizácia územia centra obce Dedinka

Saved in:
Bibliographic Details
Main Author: Bohumelová, Lucia (Author)
Other Authors: Zaťovičová, Miriam (Thesis advisor)
Format: Manuscript Book
Language:Slovak
Published: 2023
Subjects:
Online Access:http://is.stuba.sk/zp/portal_zp.pl?podrobnosti=166063
https://opac.crzp.sk/?fn=detailBiblioForm&sid=0A15AC6E5E2ED0F3D5D7C4342BCF
Tags: Add Tag
No Tags, Be the first to tag this record!

MARC

LEADER 00000ntm a22000003a 4500
001 stuzp93895
003 SK-STU
005 20230914135334.5
007 ta
008 150427s2015----xo-----f-mn---000-0-slo-d
040 |a STU  |b slo 
041 0 |a slo 
100 1 |a Bohumelová, Lucia  |u 010160  |4 aut  |U SvF Stavebná fakulta  |T SvF Katedra vodného hospodárstva krajiny  |X 103687  |U V160  |Y 16  |7 103687 
242 0 1 |a Revitalisation of the central area of Dedinka village  |y eng 
245 1 0 |a Revitalizácia územia centra obce Dedinka 
260 |c 2023 
650 4 |a obnova vidieckej zelene  |2 slo 
650 4 |a Dedinka  |2 slo 
650 4 |a vidiek  |2 slo 
650 4 |a revitalizácia verejného priestoru  |2 slo 
650 4 |a Dedinka  |2 eng 
650 4 |a rural settlement`s greenery restoration  |2 eng 
650 4 |a countryside  |2 eng 
650 4 |a revitalisation of public space  |2 eng 
700 1 |a Zaťovičová, Miriam  |u 010160  |k Z3  |4 ths  |U SvF Stavebná fakulta  |T SvF Katedra vodného hospodárstva krajiny  |X 82407  |U V160  |Y 16  |7 82407 
856 4 |u http://is.stuba.sk/zp/portal_zp.pl?podrobnosti=166063 
856 4 |u https://opac.crzp.sk/?fn=detailBiblioForm&sid=0A15AC6E5E2ED0F3D5D7C4342BCF